Théâtre complet / (Record no. 168881)
[ view plain ]
| 000 -LEADER | |
|---|---|
| campo de control de longitud fija | 01508nam a22002175i 4500 |
| 001 - NÚMERO DE CONTROL | |
| campo de control | 168881 |
| 003 - IDENTIFICADOR DE NÚMERO DE CONTROL | |
| campo de control | ES-MaACL |
| 005 - FECHA Y HORA DE LA ÚLTIMA TRANSACCIÓN | |
| campo de control | 20230906213922.0 |
| 008 - DATOS DE LONGITUD FIJA--INFORMACIÓN GENERAL | |
| campo de control de longitud fija | 080618s1972 fr |||| | fre d |
| 080 ## - NÚMERO DE LA CLASIFICACIÓN DECIMAL UNIVERSAL | |
| Número de la Clasificación Decimal Universal | 821.133.1-2"17" |
| 100 1# - ENTRADA PRINCIPAL--NOMBRE DE PERSONA | |
| Nombre de persona | Marivaux, Pierre Carlet de Chamblain de. |
| 9 (RLIN) | 76906 |
| 245 10 - MENCIÓN DEL TÍTULO | |
| Título | Théâtre complet / |
| Mención de responsabilidad, etc. | Marivaux ; édition préfacée, établie et annotée par Marcel Arland. |
| 260 ## - PUBLICACIÓN, DISTRIBUCIÓN, ETC. | |
| Lugar de publicación, distribución, etc. | [Paris] : |
| Nombre del editor, distribuidor, etc. | Gallimard, |
| Fecha de publicación, distribución, etc. | [1972] |
| 300 ## - DESCRIPCIÓN FÍSICA | |
| Extensión | LXII, 1570 p. ; |
| Dimensiones | 18 cm. |
| 490 1# - MENCIÓN DE SERIE | |
| Mención de serie | Bibliothèque de la Pléiade ; |
| Designación de volumen o secuencia | 79 |
| 505 8# - NOTA DE CONTENIDO CON FORMATO | |
| Nota de contenido con formato | Contiene: Le père prudent et équitable. L'amour et la vérité. Arlequin poli par l'amour. Annibal. La surprise de l'amour. La double inconstance. Le prince travesti. La fausse suivante. Le dénouement imprévu. L'île des esclaves. L'héritier de village. L'île de la raison. La seconde surprise de l'amour. Le triomphe de Plutus. La colonie. Le jeu de l'amour et du hasard. La réunion des amours. Le triomphe de l'amour. Les serments indiscrets. L'école des mères. L'heureux stratagème. La méprise. Le petit-maître corrigé. Le chemin de la fortune. La mère confidente. Le legs. Les fausses confidences. La joie imprévue. Les sincères. L'épreuve. La dispute. Le préjugé vaincu. La femme fidèle. Félicie. Les acteurs de bonne foi. |
| 700 0# - ENTRADA AGREGADA--NOMBRE PERSONAL | |
| Nombre de persona | Arland, Marcel. |
| 9 (RLIN) | 22893 |
| 830 0# - PUNTO DE ACCESO ADICIONAL DE SERIE-TÍTULO UNIFORME | |
| Título uniforme | Bibliothèque de la Pléiade ; |
| Designación de volumen o secuencia | 79 |
| 9 (RLIN) | 180233 |
| 852 ## - LOCALIZACIÓN | |
| Ubicación | ES-MaACL |
| Número de control de estantería | E-12201 |
| itemnumber | R.190413 |
| Nota libre | .- Biblioteca Jacinto Martínez Lacalle |
| Estatus retirado | Estado de pérdida | Estado de daño | No para préstamo | Biblioteca de origen | Biblioteca actual | Ubicación en estantería | Fecha de adquisición | Fuente de adquisición | Total de préstamos | Signatura topográfica completa | Código de barras | Visto por última vez | Precio de reemplazo | Tipo de ítem Koha |
|---|---|---|---|---|---|---|---|---|---|---|---|---|---|---|
| Biblioteca del Ateneo de Madrid | Biblioteca del Ateneo de Madrid | Depósito 2 | 19/06/2008 | E-12201 | 1177238 | 23/02/2023 | 23/02/2023 | Libro impreso |
